[Event "2.BLW 1617 SV Mülheim Nord - SG Bochum"]
[Site "?"]
[Date "2016.12.05"]
[Round "3.1"]
[White "Hendriks, Willy"]
[Black "Warmerdam, Max"]
[Result "1/2-1/2"]
[WhiteElo "2396"]
[BlackElo "2347"]
[PlyCount "109"]
[EventDate "2016.??.??"]

1. d4 Nf6 2. Bg5 Ne4 3. Bf4 c5 4. d5 Qb6 5. Nd2 Qxb2 6. Nxe4 Qb4+ 7. c3 Qxe4 8.
e3 g5 9. Bg3 Bg7 10. Rc1 d6 11. Nf3 Qg6 12. h4 h6 13. Bd3 Qh5 14. Be2 g4 15.
Nh2 f5 16. e4 Rg8 17. exf5 Bxf5 18. f3 Be5 19. Bxe5 g3 20. Nf1 dxe5 21. Ne3 Qf7
22. Bd3 Bxd3 23. Qxd3 Qf4 24. Rb1 b6 25. Ke2 Nd7 26. c4 Nf6 27. Qf5 Rd8 28. a4
Rf8 29. Qg6+ Rf7 30. a5 Rd6 31. axb6 axb6 32. Qc2 Nh5 33. Ra1 Kf8 34. Ra7 Qd4
35. Re1 e4 36. Qxe4 Nf4+ 37. Kf1 Qxe4 38. Ra8+ Kg7 39. fxe4 e6 40. Kg1 Nd3 41.
Rf1 Ne5 42. Rb8 Ra7 43. dxe6 Rxe6 44. Nf5+ Kh7 45. Nxg3 Nxc4 46. Rff8 Ne3 47.
h5 Kg7 48. Nf5+ Nxf5 49. exf5 Rf6 50. Rg8+ Kf7 51. g4 Rd6 52. Rgf8+ Kg7 53.
Rg8+ Kf7 54. Rgf8+ Kg7 55. Rg8+ 1/2-1/2

[Event "2.BLW 1617 SV Mülheim Nord - SG Bochum"]
[Site "?"]
[Date "2016.12.05"]
[Round "3.2"]
[White "Hausrath, Daniel"]
[Black "Kotainy, Jens"]
[Result "0-1"]
[WhiteElo "2491"]
[BlackElo "2394"]
[PlyCount "120"]
[EventDate "2016.??.??"]

1. Nf3 d5 2. g3 Bg4 3. Bg2 e6 4. O-O Nf6 5. d4 Nbd7 6. Nbd2 Be7 7. Re1 O-O 8.
e4 dxe4 9. Nxe4 c5 10. dxc5 Nxc5 11. Nxc5 Qxd1 12. Rxd1 Bxc5 13. Re1 Bf5 14. c3
Be4 15. Bg5 Bc6 16. Ne5 Bxg2 17. Kxg2 Rfd8 18. Rad1 Bd6 19. Bxf6 gxf6 20. Nc4
Bc7 21. g4 Rac8 22. Nd2 Kg7 23. h3 Rd5 24. Nb3 Rcd8 25. Rxd5 Rxd5 26. c4 Rd3
27. Re2 Be5 28. Na5 Rd7 29. c5 b6 30. cxb6 axb6 31. Nc4 Bc7 32. a4 Rd3 33. Re3
Rd4 34. b3 Kg6 35. Rc3 h5 36. Ne3 Be5 37. Rc4 Rd3 38. b4 Ra3 39. b5 Bd6 40. Nc2
Ra2 41. Ne1 hxg4 42. hxg4 e5 43. Nd3 Ra3 44. Nc1 Bc5 45. Ne2 Ra2 46. Kf1 f5 47.
gxf5+ Kxf5 48. Rh4 Ke6 49. f3 f6 50. Re4 f5 51. Rh4 Ra3 52. Kg2 f4 53. Rh6+ Kf5
54. Rh5+ Kf6 55. Rh6+ Kg5 56. Rc6 e4 57. Ng1 Ra2+ 58. Kf1 Ra1+ 59. Ke2 Bxg1 60.
fxe4 Rxa4 0-1

[Event "2.BLW 1617 SV Mülheim Nord - SG Bochum"]
[Site "?"]
[Date "2016.12.05"]
[Round "3.3"]
[White "Goudriaan, Etienne"]
[Black "Rezasade, Amir"]
[Result "1-0"]
[WhiteElo "2360"]
[BlackElo "2316"]
[PlyCount "79"]
[EventDate "2016.??.??"]

1. d4 d5 2. c4 e6 3. Nc3 Nf6 4. Nf3 Be7 5. Bf4 O-O 6. e3 b6 7. Rc1 Ne4 8. Bd3
Nxc3 9. bxc3 Bb7 10. cxd5 exd5 11. h4 Nd7 12. Be5 h6 13. g4 Nxe5 14. Nxe5 Bxh4
15. Qf3 Bc8 16. c4 Qf6 17. Qg2 c6 18. Rh3 dxc4 19. Rxc4 Be6 20. Rxc6 Bd5 21.
Qxd5 Qxf2+ 22. Kd1 Qe1+ 23. Kc2 Qf2+ 24. Kb3 a5 25. a4 b5 26. Bxb5 Rad8 27. Qe4
Qe1 28. Ka2 Be7 29. Bd3 f5 30. gxf5 Qd2+ 31. Rc2 Qb4 32. Bc4+ Kh8 33. Ng6+ Kh7
34. Nxf8+ Bxf8 35. f6+ g6 36. Qc6 Rb8 37. Qd7+ Kh8 38. Rxh6+ Bxh6 39. Qg7+ Bxg7
40. Rh2+ 1-0

[Event "2.BLW 1617 SV Mülheim Nord - SG Bochum"]
[Site "?"]
[Date "2016.12.05"]
[Round "3.4"]
[White "Buckels, Valentin"]
[Black "Schlawin, Marlon"]
[Result "0-1"]
[WhiteElo "2305"]
[BlackElo "2345"]
[PlyCount "62"]
[EventDate "2016.??.??"]

1. d4 e6 2. c4 Bb4+ 3. Nd2 b6 4. a3 Bxd2+ 5. Qxd2 Bb7 6. e3 d6 7. Ne2 h5 8. Nc3
Nf6 9. f3 h4 10. Be2 Nh5 11. e4 Nd7 12. f4 e5 13. Bxh5 Rxh5 14. O-O exd4 15.
Qxd4 Qf6 16. Qd1 g6 17. Nb5 O-O-O 18. Nxa7+ Kb8 19. Nb5 h3 20. g3 Bxe4 21. a4
Bb7 22. a5 Rxb5 23. cxb5 Qf5 24. a6 Qe4 25. Kf2 Qg2+ 26. Ke3 Re8+ 27. Kd3 Qd5+
28. Kc3 Qc5+ 29. Kd3 Be4+ 30. Kd2 Qb4+ 31. Ke3 Bc2+ 0-1

[Event "2.BLW 1617 SV Mülheim Nord - SG Bochum"]
[Site "?"]
[Date "2016.12.05"]
[Round "3.5"]
[White "Hengelbrock, Joachim"]
[Black "Kahleys, Kevin"]
[Result "1-0"]
[WhiteElo "2300"]
[BlackElo "2213"]
[PlyCount "57"]
[EventDate "2016.??.??"]

1. c4 c6 2. Nc3 d5 3. cxd5 cxd5 4. d4 Nf6 5. Bf4 Nc6 6. e3 a6 7. Bd3 g6 8. Nf3
Bg7 9. h3 h6 10. Rc1 g5 11. Bg3 Qa5 12. Nd2 h5 13. h4 e5 14. hxg5 Ng4 15. Nb3
Qd8 16. Bh4 exd4 17. Nxd4 Nxd4 18. exd4 Be6 19. Ne2 Qb6 20. Qd2 f6 21. Bg6+ Kd7
22. Bg3 Rac8 23. Rxc8 Kxc8 24. O-O Kd7 25. Rc1 Rc8 26. Rxc8 Kxc8 27. Qf4 fxg5
28. Qb8+ Kd7 29. Qe8# 1-0

[Event "2.BLW 1617 SV Mülheim Nord - SG Bochum"]
[Site "?"]
[Date "2016.12.05"]
[Round "3.6"]
[White "van Osch, Mees"]
[Black "Backwinkel, Paul"]
[Result "1-0"]
[WhiteElo "2352"]
[BlackElo "2317"]
[PlyCount "103"]
[EventDate "2016.??.??"]

1. e4 g6 2. d4 c6 3. Nc3 d5 4. h3 dxe4 5. Nxe4 Nd7 6. Nf3 Ngf6 7. Nxf6+ Nxf6 8.
c3 Bg7 9. Bd3 Bf5 10. Bxf5 gxf5 11. Bf4 e6 12. Qc2 Nd5 13. Bd2 Qc7 14. O-O-O
O-O-O 15. g4 fxg4 16. hxg4 h6 17. Kb1 Rdg8 18. c4 Nb6 19. b3 Nd7 20. Rdg1 c5
21. d5 exd5 22. cxd5 Qd6 23. Qf5 Qf6 24. Qxf6 Nxf6 25. Rc1 b6 26. b4 Ne4 27.
bxc5 bxc5 28. Rc4 Re8 29. Kc2 Kd7 30. Rb1 Nxd2 31. Nxd2 Rb8 32. Rxc5 Rxb1 33.
Kxb1 Bd4 34. Rb5 f5 35. gxf5 Rf8 36. Ne4 Rxf5 37. Rb7+ Kd8 38. d6 Rf4 39. Re7
Bxf2 40. Kc2 Bh4 41. Re5 Bf6 42. Re6 Bg5 43. Kd3 Kd7 44. Rg6 Kc6 45. Kd4 Rf5
46. Rg8 Rd5+ 47. Kc4 Rd1 48. Rc8+ Kb6 49. Rc5 Re1 50. Nc3 Kb7 51. d7 Re6 52.
Rxg5 1-0

[Event "2.BLW 1617 SV Mülheim Nord - SG Bochum"]
[Site "?"]
[Date "2016.12.05"]
[Round "3.7"]
[White "Werthebach, Felix"]
[Black "Bus, Tom"]
[Result "1/2-1/2"]
[WhiteElo "2138"]
[BlackElo "2211"]
[PlyCount "54"]
[EventDate "2016.??.??"]

1. c4 c5 2. g3 Nc6 3. Nc3 g6 4. Bg2 Bg7 5. a3 d6 6. Rb1 a5 7. e3 e5 8. Nge2
Nge7 9. O-O O-O 10. d3 Rb8 11. Nd5 Be6 12. Nec3 Qd7 13. Bd2 b6 14. Qa4 Rfd8 15.
b4 axb4 16. axb4 Nxb4 17. Qxd7 Rxd7 18. Nxb4 cxb4 19. Nd5 Bxd5 20. cxd5 Rc7 21.
Bxb4 Nc8 22. Rfc1 Rxc1+ 23. Rxc1 Bf8 24. Rc7 b5 25. Rc6 Nb6 26. Kf1 Na4 27. Ke2
Nc5 1/2-1/2

[Event "2.BLW 1617 SV Mülheim Nord - SG Bochum"]
[Site "?"]
[Date "2016.12.05"]
[Round "3.8"]
[White "Nachbar, Benjamin"]
[Black "Tkachuk, Sergij"]
[Result "1/2-1/2"]
[WhiteElo "2147"]
[BlackElo "2185"]
[PlyCount "111"]
[EventDate "2016.??.??"]

1. d4 Nf6 2. c4 g6 3. Nc3 Bg7 4. e4 d6 5. Nf3 O-O 6. Be2 e5 7. d5 Ne8 8. h4 f5
9. h5 f4 10. hxg6 hxg6 11. Nh2 Qh4 12. Bg4 Bxg4 13. Qxg4 Qxg4 14. Nxg4 Nf6 15.
Nxf6+ Bxf6 16. g4 a6 17. Bd2 Nd7 18. Ke2 Kg7 19. Rh3 Rh8 20. Rah1 Rxh3 21. Rxh3
Rh8 22. Rxh8 Kxh8 23. b4 Kg7 24. f3 Kf7 25. Be1 Ke8 26. Bf2 Be7 27. Kd3 Kd8 28.
Na4 Nf6 29. Nb2 c5 30. bxc5 dxc5 31. Na4 Nd7 32. Be1 Kc7 33. Ba5+ b6 34. Bc3 b5
35. Ba5+ Kb7 36. Nc3 b4 37. Na4 Bh4 38. Kc2 Bf2 39. Bd8 Kc8 40. Be7 Bd4 41. Kd3
Kc7 42. Ke2 Kc8 43. Kf1 Kc7 44. Kg2 Kc8 45. Kh3 Bf2 46. Bd6 Kd8 47. Nb2 Bd4 48.
Na4 Bf2 49. Kg2 Be3 50. Kf1 Bd4 51. Ke2 Be3 52. Nb2 Bd4 53. Nd3 a5 54. Kd1 a4
55. Kc2 Kc8 56. Nb2 1/2-1/2

[Event "2.BLW 1617 SG Solingen - SV Hofheim"]
[Site "?"]
[Date "2016.12.05"]
[Round "3.1"]
[White "Schroeder, Jan-Christian"]
[Black "Schroeder, Kevin"]
[Result "1/2-1/2"]
[WhiteElo "2541"]
[BlackElo "2289"]
[PlyCount "95"]
[EventDate "2016.??.??"]

1. e4 e5 2. Nf3 Nc6 3. Bb5 Nf6 4. d3 d6 5. O-O g6 6. c3 Bg7 7. h3 O-O 8. Be3
Bd7 9. Nbd2 Na5 10. Bxd7 Qxd7 11. a4 Rfe8 12. b4 Nc6 13. Re1 d5 14. Qb3 Rad8
15. a5 b5 16. Bc5 Qc8 17. Rad1 a6 18. Qc2 Nh5 19. Nb3 Nf4 20. Be3 d4 21. Bxf4
exf4 22. cxd4 Nxd4 23. Nbxd4 Bxd4 24. Rc1 Bg7 25. Qd2 Re7 26. d4 g5 27. d5 h6
28. Rc6 Rd6 29. Rec1 Qe8 30. Qd3 Rxe4 31. Rxc7 Rd8 32. d6 Rc4 33. R1xc4 bxc4
34. Qxc4 Rxd6 35. Rc8 Rd8 36. Rxd8 Qxd8 37. b5 Qxa5 38. bxa6 Bf8 39. Qe2 Bc5
40. Qe8+ Kg7 41. Qe2 f6 42. Nh2 h5 43. Nf1 Qa1 44. Qc4 Qe5 45. Qd3 Qe1 46. Qd2
Qa1 47. Qd7+ Kh6 48. Qd5 1/2-1/2

[Event "2.BLW 1617 SG Solingen - SV Hofheim"]
[Site "?"]
[Date "2016.12.05"]
[Round "3.2"]
[White "Schaefer, Markus"]
[Black "Savchenko, Stanislav"]
[Result "0-1"]
[WhiteElo "2403"]
[BlackElo "2465"]
[PlyCount "96"]
[EventDate "2016.??.??"]

1. e4 c5 2. Nf3 d6 3. d4 cxd4 4. Nxd4 Nf6 5. Nc3 a6 6. Be3 e5 7. Nf3 Qc7 8. a4
Be7 9. a5 Be6 10. Be2 O-O 11. O-O Nbd7 12. Nd5 Nxd5 13. exd5 Bg4 14. Ne1 Bxe2
15. Qxe2 f5 16. f3 Bf6 17. c4 e4 18. f4 Rfc8 19. Ra4 b6 20. b3 bxa5 21. Nc2 Nc5
22. Bxc5 Qxc5+ 23. Qe3 Qxe3+ 24. Nxe3 Bd4 25. Kf2 Rab8 26. Rb1 Rb4 27. Rxa5
Rcxc4 28. Ke2 Rc3 29. Nxf5 Rc2+ 30. Kd1 Rxg2 31. Rxa6 Bc5 32. Ra4 Rxh2 33. Rxb4
Bxb4 34. Ne7+ Kf7 35. Nc6 Bc5 36. b4 Bb6 37. Rb3 e3 38. Ra3 h5 39. Ra6 e2+ 40.
Ke1 Be3 41. Nd8+ Kf6 42. Ne6 Kf5 43. b5 Ke4 44. b6 Kf3 45. Ng5+ Kxf4 46. b7
Kxg5 47. Ra8 Bd4 48. Rc8 Be5 0-1

[Event "2.BLW 1617 SG Solingen - SV Hofheim"]
[Site "?"]
[Date "2016.12.05"]
[Round "3.3"]
[White "Ginsburg, Gennadi"]
[Black "Schlecht, Daniel"]
[Result "1/2-1/2"]
[WhiteElo "2470"]
[BlackElo "2372"]
[PlyCount "102"]
[EventDate "2016.??.??"]

1. Nf3 d5 2. d4 Nf6 3. c4 c6 4. e3 Bf5 5. Nc3 e6 6. Bd3 Bxd3 7. Qxd3 Nbd7 8.
O-O Bb4 9. Bd2 a5 10. Rfc1 O-O 11. b3 Re8 12. a3 Bf8 13. Ne2 Bd6 14. Bc3 Qe7
15. c5 Bc7 16. b4 axb4 17. axb4 e5 18. dxe5 Nxe5 19. Bxe5 Bxe5 20. Ned4 Ne4 21.
h3 Bf6 22. Rxa8 Rxa8 23. b5 Nxc5 24. Qc2 Ne6 25. bxc6 Bxd4 26. Nxd4 Nxd4 27.
exd4 bxc6 28. Qxc6 Rd8 29. Kf1 g6 30. Re1 Qd6 31. Re8+ Kg7 32. Qxd6 Rxd6 33. g4
g5 34. Re5 Kg6 35. Kg2 h5 36. f4 f6 37. Re7 hxg4 38. hxg4 gxf4 39. Kf3 f5 40.
Kxf4 fxg4 41. Kxg4 Kf6 42. Re5 Kf7 43. Rf5+ Kg6 44. Rg5+ Kf6 45. Kf4 Rd7 46.
Rh5 Kg6 47. Rf5 Rf7 48. Rxf7 Kxf7 49. Kf5 Ke7 50. Ke5 Ke8 51. Kxd5 Kd7 1/2-1/2

[Event "2.BLW 1617 SG Solingen - SV Hofheim"]
[Site "?"]
[Date "2016.12.05"]
[Round "3.4"]
[White "Hobusch, Jan"]
[Black "Lobzhanidze, Davit"]
[Result "1/2-1/2"]
[WhiteElo "2237"]
[BlackElo "2428"]
[PlyCount "69"]
[EventDate "2016.??.??"]

1. e4 e5 2. Nf3 Nc6 3. Bb5 a6 4. Bxc6 dxc6 5. Nc3 Qd6 6. d4 exd4 7. Qxd4 Qxd4
8. Nxd4 Bd7 9. Be3 Bb4 10. Nde2 O-O-O 11. O-O-O Ne7 12. a3 Bd6 13. Na4 Be6 14.
Nc5 Bxc5 15. Bxc5 Ng6 16. Be3 Rxd1+ 17. Rxd1 Bd7 18. Nc3 Re8 19. f3 b6 20. Bf2
f5 21. exf5 Bxf5 22. Rd2 h5 23. Re2 Re6 24. Rxe6 Bxe6 25. Ne2 c5 26. Kd2 Kd7
27. Bg3 h4 28. Bf2 h3 29. gxh3 Ne5 30. f4 Nc4+ 31. Kc3 Nd6 32. Ng3 Bxh3 33. Kd3
Ke6 34. b3 g6 35. a4 1/2-1/2

[Event "2.BLW 1617 SG Solingen - SV Hofheim"]
[Site "?"]
[Date "2016.12.05"]
[Round "3.5"]
[White "Gurevich, Vladimir"]
[Black "Michalczak, Thomas"]
[Result "1-0"]
[WhiteElo "2475"]
[BlackElo "2258"]
[PlyCount "87"]
[EventDate "2016.??.??"]

1. e4 e5 2. Nf3 Nc6 3. Bc4 Bc5 4. O-O Nf6 5. d3 d6 6. c3 a6 7. Bb3 Ba7 8. Nbd2
O-O 9. h3 Re8 10. Re1 Be6 11. Nf1 h6 12. Bxe6 Rxe6 13. Be3 d5 14. exd5 Nxd5 15.
Bxa7 Rxa7 16. d4 e4 17. N3d2 Qh4 18. Qg4 Qxg4 19. hxg4 Nf6 20. Ng3 e3 21. fxe3
Nxg4 22. e4 Rg6 23. Nf5 Kf8 24. e5 Ne7 25. Nh4 Re6 26. Re4 h5 27. Rf1 Ra8 28.
Ndf3 f6 29. Ng5 Rb6 30. exf6 Nxf6 31. Ne6+ Kg8 32. Re5 Nc6 33. Rg5 Kf7 34. d5
Rg8 35. Nf4 Ne7 36. b3 g6 37. c4 Ne4 38. Nxh5+ Ke8 39. Re5 gxh5 40. Rxe4 Rg7
41. Nf5 Rf7 42. Rfe1 Rxf5 43. Rxe7+ Kd8 44. c5 1-0

[Event "2.BLW 1617 SG Solingen - SV Hofheim"]
[Site "?"]
[Date "2016.12.05"]
[Round "3.6"]
[White "Berg, Michael"]
[Black "Perske, Thore"]
[Result "0-1"]
[WhiteElo "2326"]
[BlackElo "2384"]
[PlyCount "58"]
[EventDate "2016.??.??"]

1. d4 d6 2. c4 e5 3. Nc3 exd4 4. Qxd4 Nc6 5. Qd2 Nf6 6. e4 g6 7. b3 Bg7 8. Bb2
a5 9. f3 Be6 10. Nd5 O-O 11. Ne2 a4 12. b4 a3 13. Bc3 Ne5 14. Nd4 Nh5 15. O-O-O
Bxd5 16. cxd5 c5 17. dxc6 bxc6 18. g4 Nf6 19. g5 Nh5 20. f4 c5 21. Nb5 cxb4 22.
Bxb4 Rc8+ 23. Kb1 Nc4 24. Bxc4 Rxc4 25. Nxa3 Rxe4 26. Bc3 Qb6+ 27. Ka1 Re2 28.
Qc1 Rc8 29. Nb1 Qa5 0-1

[Event "2.BLW 1617 SG Solingen - SV Hofheim"]
[Site "?"]
[Date "2016.12.05"]
[Round "3.8"]
[White "Zolfagharian, Kevin"]
[Black "Weber, Ulrich"]
[Result "0-1"]
[WhiteElo "2152"]
[BlackElo "2375"]
[PlyCount "66"]
[EventDate "2016.??.??"]

1. e4 c5 2. Nf3 d6 3. d4 cxd4 4. Nxd4 Nf6 5. Nc3 a6 6. Bg5 e6 7. Qe2 Nbd7 8.
O-O-O h6 9. Bh4 Be7 10. f4 Qa5 11. g3 Qh5 12. Qd2 g5 13. Be2 Qg6 14. f5 Qg8 15.
fxe6 fxe6 16. Bc4 Ne5 17. Bb3 gxh4 18. gxh4 Qg4 19. Rhg1 Qxh4 20. Qe2 Nh5 21.
Na4 Nf4 22. Qd2 Nh3 23. Qc3 Nxg1 24. Nb6 Qxh2 25. Rf1 Qh3 26. Ba4+ Kd8 27. Qe1
Ngf3 28. Nxf3 Nxf3 29. Rxf3 Qxf3 30. Nd5 Bg5+ 31. Kb1 exd5 32. Qa5+ Ke7 33.
Qc7+ Kf8 0-1

[Event "2.BLW 1617 Hansa Dortmund - SF Katernbe"]
[Site "?"]
[Date "2016.12.05"]
[Round "3.1"]
[White "Tomic, Bosko"]
[Black "Markus, Robert"]
[Result "0-1"]
[WhiteElo "2455"]
[BlackElo "2660"]
[PlyCount "58"]
[EventDate "2016.??.??"]

1. c4 Nf6 2. g3 g6 3. Bg2 Bg7 4. Nf3 O-O 5. O-O d6 6. Nc3 e5 7. d3 a5 8. Bg5 h6
9. Bxf6 Bxf6 10. Rb1 c6 11. a3 Be6 12. Nd2 Bg7 13. b4 axb4 14. axb4 e4 15. Qc2
exd3 16. exd3 Nd7 17. Rfe1 Qc7 18. Ne2 Nf6 19. Nf4 Bd7 20. h4 Rfe8 21. Nb3
Rxe1+ 22. Rxe1 Qb6 23. Nd2 Ng4 24. Nf1 Bd4 25. Nh3 Ne5 26. Kh1 Qxb4 27. Rb1 Qa4
28. Qc1 Bxh3 29. Bxh3 Nxd3 0-1

[Event "2.BLW 1617 Hansa Dortmund - SF Katernbe"]
[Site "?"]
[Date "2016.12.05"]
[Round "3.2"]
[White "Heberla, Bartlomiej"]
[Black "Ris, Robert"]
[Result "1-0"]
[WhiteElo "2553"]
[BlackElo "2418"]
[PlyCount "69"]
[EventDate "2016.??.??"]

1. c4 c5 2. Nc3 Nc6 3. Nf3 g6 4. e3 Nf6 5. d4 cxd4 6. exd4 d5 7. Be2 Bg7 8. O-O
O-O 9. h3 dxc4 10. Bxc4 Na5 11. Bd3 b6 12. Qe2 Bb7 13. Rd1 Nd5 14. Nxd5 Bxd5
15. Bf4 Rc8 16. Ba6 Rc6 17. Ne5 Re6 18. Qf1 Nc6 19. Qb5 Nb8 20. Bc8 Rf6 21. Bg3
Bxg2 22. Kxg2 Qxc8 23. Rac1 Qb7+ 24. d5 Rc8 25. Ng4 Rf5 26. Rc7 Rxc7 27. Qe8+
Bf8 28. Nh6+ Kg7 29. Nxf5+ gxf5 30. Be5+ f6 31. Kh2 Qc8 32. Rg1+ Kh8 33. Qf7
Bh6 34. d6 Nc6 35. dxe7 1-0

[Event "2.BLW 1617 Hansa Dortmund - SF Katernbe"]
[Site "?"]
[Date "2016.12.05"]
[Round "3.3"]
[White "Kevlishvili, Robby"]
[Black "Mainka, Romuald"]
[Result "0-1"]
[WhiteElo "2416"]
[BlackElo "2404"]
[PlyCount "130"]
[EventDate "2016.??.??"]

1. e4 c5 2. Nf3 e6 3. b3 b6 4. Bd3 Bb7 5. O-O d6 6. Re1 Nd7 7. Bb2 Ngf6 8. c4
Ne5 9. Bc2 Nxf3+ 10. Qxf3 e5 11. d3 Be7 12. Nc3 O-O 13. Bd1 Ne8 14. Qh3 g6 15.
Bc1 Ng7 16. Bh6 Bg5 17. Bxg7 Kxg7 18. Rf1 h5 19. g3 h4 20. Bf3 Rh8 21. Qg2 Bc8
22. Nd5 Be6 23. Rfe1 Qd7 24. Qf1 Rh7 25. Re2 Rah8 26. a4 Bd8 27. Raa2 Bh3 28.
Qd1 Be6 29. Rec2 Rh6 30. Rcb2 a5 31. Rc2 R8h7 32. Ne3 Rh8 33. Nd5 Kf8 34. Qf1
R6h7 35. Qd1 Kg7 36. Qa1 Kg8 37. Qd1 Rh6 38. Ne3 R6h7 39. Nd5 Rg7 40. Ne3 Bg5
41. Nd5 Qd8 42. Nc3 hxg3 43. hxg3 Rgh7 44. Bg2 Qd7 45. Nd5 Bd8 46. Ne3 Rh6 47.
Ra1 R8h7 48. Rca2 Kh8 49. Qe2 f5 50. exf5 gxf5 51. Qf3 f4 52. gxf4 exf4 53.
Qxf4 Bf6 54. Re1 Qg7 55. Kf1 Be5 56. Qe4 Rf6 57. Qc6 Rf8 58. Qxb6 Qg5 59. Qc6
Rh2 60. Rc2 Qh5 61. Qe4 Bd7 62. Qd5 Qh4 63. Qe4 Qh5 64. Qd5 Bh3 65. Bxh3 Rxh3
0-1

[Event "2.BLW 1617 Hansa Dortmund - SF Katernbe"]
[Site "?"]
[Date "2016.12.05"]
[Round "3.4"]
[White "Wegener, Olaf"]
[Black "Siebrecht, Sebastian"]
[Result "1/2-1/2"]
[WhiteElo "2442"]
[BlackElo "2445"]
[PlyCount "45"]
[EventDate "2016.??.??"]

1. e4 c5 2. Nf3 e6 3. d4 cxd4 4. Nxd4 a6 5. Bd3 Nf6 6. O-O Qc7 7. Qe2 d6 8. c4
Nbd7 9. f4 Be7 10. Nc3 b6 11. Bd2 Bb7 12. Kh1 O-O 13. f5 e5 14. Nb3 Rfe8 15.
Rac1 Bf8 16. g4 g6 17. Nd5 Qd8 18. Bg5 Bg7 19. Qf3 Rf8 20. Bd2 Re8 21. Bg5 Rf8
22. Bd2 Re8 23. Bg5 1/2-1/2

[Event "2.BLW 1617 Hansa Dortmund - SF Katernbe"]
[Site "?"]
[Date "2016.12.05"]
[Round "3.5"]
[White "Scholz, Christian"]
[Black "Pap, Misa"]
[Result "1-0"]
[WhiteElo "2368"]
[BlackElo "2495"]
[PlyCount "99"]
[EventDate "2016.??.??"]

1. d4 Nf6 2. c4 e6 3. Nf3 Bb4+ 4. Bd2 Qe7 5. g3 Nc6 6. Bg2 Bxd2+ 7. Nbxd2 d6 8.
O-O O-O 9. Qc2 e5 10. d5 Nb8 11. b4 e4 12. Ng5 e3 13. Nde4 Nxe4 14. Nxe4 a5 15.
bxa5 exf2+ 16. Rxf2 Rxa5 17. c5 Na6 18. cxd6 cxd6 19. Nd2 Nc5 20. Nc4 Ra6 21.
e4 b5 22. Nd2 Ra3 23. Rf3 Rxf3 24. Nxf3 Qxe4 25. Qxe4 Nxe4 26. Nd4 Nc3 27. Rc1
Nxa2 28. Rc6 g6 29. Nxb5 Bb7 30. Rc7 Ba8 31. Ra7 Nb4 32. Nc7 Bxd5 33. Nxd5 Nxd5
34. Bxd5 Kg7 35. Rd7 h5 36. Rxd6 f5 37. Bc4 Rf6 38. Rxf6 Kxf6 39. Kf2 h4 40.
Ke3 Ke5 41. Bf1 g5 42. Kd3 Kd5 43. Bg2+ Ke5 44. Bh1 Kf6 45. Kd4 Ke6 46. Bb7 Kf6
47. Bc8 g4 48. Ke3 Ke5 49. Bd7 h3 50. Bc8 1-0

[Event "2.BLW 1617 Hansa Dortmund - SF Katernbe"]
[Site "?"]
[Date "2016.12.05"]
[Round "3.6"]
[White "Kalka, Arkadius Georg"]
[Black "Gassmann, Volker"]
[Result "1-0"]
[WhiteElo "2333"]
[BlackElo "2196"]
[PlyCount "105"]
[EventDate "2016.??.??"]

1. c4 e5 2. Nc3 Nf6 3. Nf3 Nc6 4. a3 d6 5. d4 Bg4 6. d5 Nb8 7. e4 a5 8. Be3 Be7
9. h3 Bxf3 10. Qxf3 O-O 11. g4 Nfd7 12. h4 Na6 13. g5 Nac5 14. O-O-O a4 15. Be2
Ra6 16. Rdg1 Rb6 17. h5 Rb3 18. Rg4 c6 19. g6 fxg6 20. Qg2 g5 21. Bxg5 Bxg5+
22. Rxg5 Rf7 23. h6 Qf8 24. hxg7 Rxg7 25. Kb1 Nf6 26. Rg1 Rxg5 27. Qxg5+ Kh8
28. Qf5 Rb6 29. Rh1 Ra6 30. f4 exf4 31. e5 dxe5 32. Qxe5 Ncd7 33. Qxf4 Ra8 34.
Bd3 Re8 35. Qf5 Qg7 36. dxc6 bxc6 37. Nxa4 Re5 38. Qf3 c5 39. Nc3 Nf8 40. Nd5
N6d7 41. Bc2 Rg5 42. Re1 Rg3 43. Qe2 Rg2 44. Qe8 Qd4 45. Ne3 Rg8 46. Nf5 Qxc4
47. Nd6 Qd4 48. Nf7+ Kg7 49. Qe7 Qf6 50. Rg1+ Ng6 51. Qxd7 Qxf7 52. Qxf7+ Kxf7
53. Bb3+ 1-0

[Event "2.BLW 1617 Hansa Dortmund - SF Katernbe"]
[Site "?"]
[Date "2016.12.05"]
[Round "3.7"]
[White "Imcke, Patrick"]
[Black "Ackermann, Hans Werner"]
[Result "0-1"]
[WhiteElo "2116"]
[BlackElo "2338"]
[PlyCount "76"]
[EventDate "2016.??.??"]

1. e4 d6 2. d4 Nf6 3. Nc3 Nbd7 4. Be3 e5 5. f3 c6 6. Qd2 b5 7. g4 exd4 8. Bxd4
Nb6 9. g5 Nfd7 10. O-O-O b4 11. Nb1 c5 12. Be3 Be7 13. Bf4 O-O 14. Bxd6 Bxd6
15. Qxd6 Qxg5+ 16. f4 Qf6 17. Bg2 Bb7 18. Ne2 Nc4 19. Qxf6 Nxf6 20. Rd3 Bxe4
21. Bxe4 Nxe4 22. Rg1 Rfe8 23. Ng3 g6 24. Nxe4 Rxe4 25. Nd2 Nxd2 26. Rxd2 Rxf4
27. Rd7 a5 28. Rc7 c4 29. h3 a4 30. Rg4 Rf1+ 31. Kd2 Rf2+ 32. Ke3 Rxc2 33. Rf4
Re8+ 34. Kf3 Rf8 35. Rcxc4 Rxb2 36. Rxb4 Rxa2 37. Rb7 Ra1 38. Kg2 a3 0-1

[Event "2.BLW 1617 Hansa Dortmund - SF Katernbe"]
[Site "?"]
[Date "2016.12.05"]
[Round "3.8"]
[White "Kotter, Ralf"]
[Black "Kueppers, Timo"]
[Result "1-0"]
[WhiteElo "2366"]
[BlackElo "2178"]
[PlyCount "125"]
[EventDate "2016.??.??"]

1. e4 c5 2. Nf3 d6 3. d4 cxd4 4. Nxd4 Nf6 5. Nc3 g6 6. f3 Bg7 7. Be3 a6 8. Qd2
Nbd7 9. Bh6 Bxh6 10. Qxh6 b5 11. O-O-O Bb7 12. h4 Rc8 13. h5 b4 14. Nce2 Rg8
15. hxg6 hxg6 16. Qd2 e5 17. Nb3 Qc7 18. Kb1 d5 19. exd5 Nxd5 20. Rc1 N7b6 21.
Ng3 Na4 22. Ne4 Qe7 23. Rh7 Nac3+ 24. Ka1 Nxe4 25. fxe4 Nf6 26. Rh4 Nxe4 27.
Qe1 f5 28. Bd3 Kf7 29. g4 Rh8 30. Rxh8 Rxh8 31. gxf5 gxf5 32. Bc4+ Kf6 33. Qg1
Nd6 34. Qb6 Rh1 35. Bf1 Bd5 36. Rd1 Be6 37. Nc5 Nc4 38. Qc6 Ne3 39. Qxh1 Nxd1
40. Nxe6 Qxe6 41. Be2 e4 42. Qxd1 f4 43. Qd4+ Kf5 44. Qc5+ Kf6 45. Qf8+ Kg5 46.
Qc5+ Kf6 47. Qh5 f3 48. Bxf3 exf3 49. Qxf3+ Kg6 50. Qg3+ Kh5 51. Qh2+ Kg6 52.
Qg1+ Kf7 53. Qf2+ Kg6 54. a3 a5 55. Qg3+ Kh5 56. Kb1 Qe4 57. Qd3 Qe1+ 58. Ka2
Kh6 59. Qd6+ Kg7 60. axb4 axb4 61. Kb3 Qe3+ 62. Kxb4 Qc1 63. Qe5+ 1-0

[Event "2.BLW 1617 SV Würselen - SG Köln Porz"]
[Site "?"]
[Date "2016.12.05"]
[Round "3.1"]
[White "Van Wely, Loek"]
[Black "Chatalbashev, Boris"]
[Result "1/2-1/2"]
[WhiteElo "2696"]
[BlackElo "2556"]
[PlyCount "100"]
[EventDate "2016.??.??"]

1. d4 Nf6 2. c4 g6 3. Nc3 d5 4. Nf3 Bg7 5. cxd5 Nxd5 6. Na4 O-O 7. e4 Nb6 8.
Be3 Bg4 9. Nc5 Nc6 10. Nxb7 Qb8 11. Ba6 Nb4 12. Nc5 Bxf3 13. gxf3 Bxd4 14. Bxd4
Rd8 15. O-O Nxa6 16. Nxa6 Qc8 17. Nxc7 Qxc7 18. Bxb6 axb6 19. Qb3 Ra5 20. Rfd1
Rxd1+ 21. Rxd1 Rh5 22. Qc3 Qxh2+ 23. Kf1 Qe5 24. Qxe5 Rxe5 25. b4 f5 26. a4
fxe4 27. Re1 Rd5 28. Rxe4 Rd1+ 29. Ke2 Ra1 30. b5 Kf7 31. Rc4 h5 32. Ke3 g5 33.
f4 g4 34. f5 Ra3+ 35. Ke4 Ra2 36. Ke3 Kf6 37. Rc6+ Kxf5 38. Rxb6 Rxa4 39. Rh6
Kg5 40. Re6 Rb4 41. Re5+ Kg6 42. Rxe7 h4 43. Re8 Rxb5 44. Rg8+ Kf5 45. Rf8+ Ke5
46. Re8+ Kf6 47. Rh8 Rb3+ 48. Kf4 Rb4+ 49. Ke3 Kg5 50. f4+ gxf3 1/2-1/2

[Event "2.BLW 1617 SV Würselen - SG Köln Porz"]
[Site "?"]
[Date "2016.12.05"]
[Round "3.2"]
[White "Fridman, Rafael"]
[Black "Timman, Jan H"]
[Result "1/2-1/2"]
[WhiteElo "2470"]
[BlackElo "2573"]
[PlyCount "64"]
[EventDate "2016.??.??"]

1. e4 c5 2. Nf3 Nc6 3. b3 d6 4. Bb2 Nf6 5. e5 dxe5 6. Nxe5 Nxe5 7. Bxe5 Nd7 8.
Bb2 e5 9. Na3 Bd6 10. Nc4 Bc7 11. Bd3 O-O 12. Ne3 Nf6 13. Qf3 Re8 14. Bf5 e4
15. Qe2 Bxf5 16. Nxf5 Be5 17. Bxe5 Rxe5 18. Ne3 Nd5 19. Nxd5 Qxd5 20. O-O Rae8
21. Rad1 g6 22. Qe3 Qd4 23. c3 Qd7 24. Rfe1 R8e6 25. h3 b6 26. d4 Rd5 27. Rd2
f5 28. Red1 Red6 29. Kf1 cxd4 30. Rxd4 Rxd4 31. Rxd4 Rxd4 32. cxd4 Kg7 1/2-1/2

[Event "2.BLW 1617 SV Würselen - SG Köln Porz"]
[Site "?"]
[Date "2016.12.05"]
[Round "3.3"]
[White "Khenkin, Igor"]
[Black "Geiernaert, Steven"]
[Result "1/2-1/2"]
[WhiteElo "2565"]
[BlackElo "2438"]
[PlyCount "55"]
[EventDate "2016.??.??"]

1. d4 Nf6 2. c4 e6 3. Nf3 b6 4. a3 Bb7 5. Nc3 Ne4 6. Nxe4 Bxe4 7. Bf4 Be7 8. e3
O-O 9. Bd3 Bxd3 10. Qxd3 d6 11. e4 Nd7 12. O-O a5 13. Rad1 a4 14. Rfe1 h6 15.
e5 dxe5 16. dxe5 Nc5 17. Qe3 Qe8 18. Bxh6 gxh6 19. Qxh6 f5 20. Ng5 Rf7 21. Nxf7
Qxf7 22. Re3 Bf8 23. Rg3+ Bg7 24. f3 Kf8 25. Qh4 Re8 26. f4 Qe7 27. Qxe7+ Rxe7
28. Rd8+ 1/2-1/2